Biblioteca

Diccionario de la biblia / Dirigido por Franz Kogler , Renate Egger-Wenzel y Michael Ernst ; traducido por José Manuel Lozano-Gotor Perona (Registro nro. 44518)

Detalles MARC
000 -LÍDER
Campo fijo de descripción fija 006040000a22001570004500
082 04 - NÚMERO DE CLASIFICACIÓN DECIMAL DEWEY
Número de clasificación R 220.3 K789d
001 - NÚMERO DE CONTROL
Campo de control 18025
100 1# - ASIENTO PRINCIPAL--NOMBRE PERSONAL
Nombre personal Kogler, Franz (Dir.)
245 10 - TÍTULO
Título del Material Diccionario de la biblia / Dirigido por Franz Kogler , Renate Egger-Wenzel y Michael Ernst ; traducido por José Manuel Lozano-Gotor Perona
260 ## - PUBLICACIÓN, DISTRIBUCIÓN, ETC. (PIE DE IMPRENTA)
Lugar de publicación, distribución, etc. Bilbao : Mensajero ; Maliaño, Cantabria : Sal Terrae
300 ## - DESCRIPCIÓN FÍSICA
Extensión 871 p.
500 ## - NOTA GENERAL
Nota General Titulo original en inglés: Herders neues bibellexikon \ Incluye lista de abreviaturas, Tabla cronológica y mapas
501 ## - NOTA DE “CON”
Nota de Contenido pasta dura
650 14 - ASIENTO SECUNDARIO DE MATERIA - TERMINO TEMÁTICO
Término temático o nombre geográfico como elemento de entrada BIBLIA - DICCIONARIOS
942 ## - TIPO DE MATERIAL (KOHA)
Tipo de Item KOHA Libros General
Existencias
Estado de Material Estado de Perdido Estado de Dañado No para Préstamo Colección Tomo Biblioteca de Origen Biblioteca Permanente Fecha de Adquisición Total de Préstamos Signatura Topográfica Código de Barras Última vez visto Ejemplar/Existencia Fecha de Remplazo Tipo de Material
        Colección de Referencia   Biblioteca FUSBC Biblioteca FUSBC 13/09/2013   R 220.3 K789d 17970 24/03/2026 1 26/01/2016 Libros de Referencia

Biblioteca FUSBC | Teléfono: (57+4) 349 88 10 Ext. 141| WhatsApp (+57) 3005338115 
E-mail: biblioteca@unisbc.edu.co | Calle 76 87-14 Robledo Palenque, Medellín, Colombia

Con tecnología Koha